000 01200nam0a2200313 4500
001 RU\NLR\ONL1\12876
005 20250806203022.0
035 _a(NLR Aleph) 009641620
090 _a47233
_c47233
100 _a20071217d1941 c y0rusy50 ca
101 0 _amyv
102 _aRU
105 _aa |||||||||
200 1 _aПравописаниянь коряс упражнениянь сборник
_eнач. шк. 1-4 кл.
_fФ. В. Сульдин
205 _aНолдазь 2-цеде
210 _aМ.
_cУчпедгиз
_d1941
215 _a72 с.
_cил.
_d23
541 1 _aСборник упражнений по правописанию для 1-4 классов начальной школы
_zrus
606 0 _aЭрзянский язык
_xПреподавание в школе
_2nlr-sh2
_2nlr-sh1
_3RU\NLR\auth-onl\6654
686 1 _aЧ426.151
700 1 _aСульдин
_bФ. В.
_gФедот Васильевич
_4070
801 0 _aRU
_bNLR
_c20071217
_gPSBO
852 _aNLR
_bОНЛ
_jМорд.э./3-1095
942 _cBOOK
945 _aРоссийская национальная библиотека
980 _aNB
980 _aBV